| 000 | 00744nam a2200253 a 4500 | ||
|---|---|---|---|
| 001 | 000041748 | ||
| 003 | DO-SdBNP | ||
| 005 | 20240412074301.0 | ||
| 007 | ta | ||
| 008 | 131016s2007 dr 000 p spa d | ||
| 040 |
_aDO-SdBNP _bspa _cBNPHU |
||
| 082 | 4 |
_bC957a _222 |
|
| 100 | 1 |
_aCruz, Ismael, de la _968597 |
|
| 245 | 1 | 3 |
_aEl amor es un juego....de béisbol. / _cIsmael de la Cruz; prólogo, Mencía Pérez. |
| 246 | 1 | 3 | _aEl amor del desamor. |
| 260 |
_aSanto Domingo : _fGráfica Javier, _c2007 |
||
| 300 |
_a98 p. ; _c21 cm. |
||
| 590 | _aInventariado 2023 / MF | ||
| 650 | 0 |
_aLiteratura dominicana. _967 |
|
| 650 | 4 |
_957692 _aPoemas Dominicano |
|
| 700 | 1 |
_aPérez, Mencía _eprol. _968598 |
|
| 910 | _aMFeliz | ||
| 942 |
_2ddc _cLBS1 |
||
| 999 |
_c41237 _d41237 |
||